Snímač štítků EC-6019. 2., Návod k obsluze /

Hlavní autor: Novák, Zdeněk
Korporativní autor: Kancelářské stroje Praha (firma). Odbor školení. Oddělení dokumentace
Jazyk: Čeština
Vydáno: Praha : SNTL, 1982
Vydání: 1. vyd.
Edice: Jednotný systém elektronických počítačů. Školní řada
Témata:
Fyzický popis: 37 s. : il. ; 30 cm
Knihy
Uloženo v:
LEADER 01218nam a22003132a 4500
001 000930071
003 CZ BrMZK
005 20090212110150.0
007 ta
008 090212s1982 xr a er|||||||||||cze d
035 |a (OCoLC)42175358 
040 |a ABA001  |b cze  |c ABA001  |d ABA001  |d BOA001 
080 9 |a 681.327.12(083.12)(076) 
100 1 |a Novák, Zdeněk  |7 jx20040824030  |4 aut 
245 1 0 |a Snímač štítků EC-6019.  |n 2.,  |p Návod k obsluze /  |c zpracoval Zdeněk Novák 
246 3 0 |a Návod k obsluze 
250 |a 1. vyd. 
260 |a Praha :  |b SNTL,  |c 1982 
300 |a 37 s. :  |b il. ;  |c 30 cm 
490 1 |a Jednotný systém elektronických počítačů. Školní řada 
500 |a 549 výt. 
550 |a Vydavatel: Oddělení dokumentace odboru školení n. p. Kancelářské stroje, Praha 
710 2 |a Kancelářské stroje Praha (firma).  |b Odbor školení.  |b Oddělení dokumentace  |7 kn20050428002 
830 0 |a Jednotný systém elektronických počítačů.  |p Školní řada 
910 |a BOA001  |b 4-0844.280,2 
964 |a Snímače děrných štítků EC 6019 - obsluha 
990 |a BK 
991 |b 200902 
996 6 |b BC-675557  |c 4-0844.280,2  |l MZK  |r Sklad / do 1 hodiny  |n 0  |w 000930071  |u 000010  |a 1  |e BOA001  |j MZK50  |s P